鳥取県の戦前市制・町制 - Statistics

General Stats
  • This quiz has been taken 104 times
  • The average score is 15 of 23
Answer Stats
施行日 施行内容 所属郡 回答 % Correct
1889.10.01 市制 (市) 鳥取市
98%
1927.04.01 市制 (市) 米子市
96%
1889.10.01 町制 久米郡 倉吉町
94%
1889.10.01 町制 会見郡 米子町
94%
1889.10.01 町制 会見郡 境町
92%
1909.04.01 町制 八頭町 若桜町
83%
1900.03.27 町制 東伯郡 赤碕町
77%
1914.06.01 町制 八頭郡 智頭町
77%
1913.10.17 町制 日野郡 根雨町
69%
1927.06.15 町制 岩美郡 岩井町
67%
1889.10.01 町制 汗入郡 淀江町
63%
1899.03.18 町制 西伯郡 御来屋町
63%
1914.04.01 町制 気高郡 青谷町
60%
1936.01.01 町制 日野郡 黒坂町
60%
1899.05.17 町制 東伯郡 八橋町
58%
1931.10.01 町制 日野郡 溝口町
58%
1899.03.20 町制 気高郡 鹿野町
56%
1916.03.01 町制 東伯郡 由良町
50%
1926.07.01 町制 八頭郡 河原町
50%
1918.02.11 町制 八頭郡 用瀬町
44%
1927.06.10 町制 岩美郡 浦富町
44%
1944.07.01 町制 東伯郡 上井町
40%
1942.02.11 町制 東伯郡 浦安町
38%
No matching quizzes found
Score Distribution
Percent of People with Each Score
Percentile by Number Answered
Your Score History
You have not taken this quiz